Artisanal marine fisherfolk of Orissa: study of their technology, economic status, social organization and cognitive patterns (Record no. 10828)
[ view plain ]
| 000 -LEADER | |
|---|---|
| fixed length control field | 00567nam a2200169Ia 4500 |
| 082 ## - DEWEY DECIMAL CLASSIFICATION NUMBER | |
| Classification number | 338.37130954 ART; |
| 245 #0 - TITLE STATEMENT | |
| Title | Artisanal marine fisherfolk of Orissa: study of their technology, economic status, social organization and cognitive patterns |
| 260 ## - PUBLICATION, DISTRIBUTION, ETC. (IMPRINT) | |
| Place of publication | Cuttack |
| Name of publisher | Vidyapuri |
| Year of publication | 1985 |
| 300 ## - PHYSICAL DESCRIPTION | |
| Number of Pages | x, 240p. |
| 650 ## - SUBJECT ADDED ENTRY--TOPICAL TERM | |
| Topical Term | Fish-culture - Orissa |
| 650 ## - SUBJECT ADDED ENTRY--TOPICAL TERM | |
| Topical Term | Fisheries - Social aspects - orissa |
| 650 ## - SUBJECT ADDED ENTRY--TOPICAL TERM | |
| Topical Term | Fishery technology - Orissa |
| 650 ## - SUBJECT ADDED ENTRY--TOPICAL TERM | |
| Topical Term | Fishers - Economic aspects - Orissa |
| 650 ## - SUBJECT ADDED ENTRY--TOPICAL TERM | |
| Topical Term | Fishing - Orissa |
| 700 ## - ADDED ENTRY--PERSONAL NAME | |
| Personal name | Tietze, U. |
| 942 ## - ADDED ENTRY ELEMENTS (KOHA) | |
| Koha item type | Books |
| Source of classification or shelving scheme | Dewey Decimal Classification |
| Withdrawn status | Lost status | Damaged status | Not for loan | Home library | Current library | Date acquired | Bill Date | Full call number | Accession Number | Price effective from | Koha item type |
|---|---|---|---|---|---|---|---|---|---|---|---|
| NASSDOC Library | NASSDOC Library | 08/06/2004 | 2004-10-22 | 338.37130954 ART; | 22518 | 18/04/2019 | Books |
